Normal view
MARC view
- Hool, George A.
Entry Personal Name
001 - CONTROL NUMBER
- control field: 42398
003 - CONTROL NUMBER IDENTIFIER
- control field: NUST
005 - DATE AND TIME OF LATEST TRANSACTION
- control field: 20210314132310.0
008 - FIXED-LENGTH DATA ELEMENTS
- fixed length control field: 210314|| aca||aabn | a|a d
040 ## - CATALOGING SOURCE
- Original cataloging agency: NUST
- Transcribing agency: NUST
100 ## - HEADING--PERSONAL NAME
- Personal name: Hool, George A.
670 ## - SOURCE DATA FOUND
- Source citation: Work cat.: (NUST): Hool, George A.,, Foundations, abutments and footings,, 1943.
